28 [i.e Veintiocho] años de antropología : tesis de la Escuela Nacional de Antropología e Historia : 1944-1971 /

El propósito de este catálogo es ofrecer a los estudiosos una relación completa del total de las tesis de antropología presentadas en la Escuela Nacional de Antropología e Historia, desde la primera correspondiente a 1944 hasta la última producida en 1968.

Guardado en:
Detalles Bibliográficos
Autor principal: Montemayor García, Felipe (autor)
Formato: Libro
Idioma:Español
Temas:
Etiquetas: Agrega una etiqueta
Sin etiquetas, Sé el primero en etiquetar este registro!

MARC

LEADER 00000nam^a2200000^a^4500
001 000128142
005 20250521000000.0
009 20260310094827.027
037 |a Acervo ITESO - Biblioteca 
041 |a ESP 
082 |a 300. 972  |b MON 
100 |a Montemayor García, Felipe  |e (autor) 
245 1 0 |a 28 [i.e Veintiocho] años de antropología :  |b tesis de la Escuela Nacional de Antropología e Historia : 1944-1971 /  |c F. Montemayor García. 
264 |a México :  |b Secretaría de Educación Pública :  |b INAH,  |c 1971 
300 |a 615 p. 
336 |a texto  |b txt  |2 rdacontenido 
337 |a sin mediación  |b n  |2 rdamedio 
338 |a volumen  |b nc  |2 rdasoporte 
520 |a El propósito de este catálogo es ofrecer a los estudiosos una relación completa del total de las tesis de antropología presentadas en la Escuela Nacional de Antropología e Historia, desde la primera correspondiente a 1944 hasta la última producida en 1968. 
649 |a XX 
650 |a Escuela Nacional de Antropología e Historia -  |x Historia 
650 |a Escuela Nacional de Antropología e Historia -  |x Catálogos 
650 |a Tesis -  |x Catálogos 
910 |a Fondo Salvador Reynoso Reynoso 
920 |a Impresos - Libros 
930 |a Fondos Especiales 
905 |a 112 
901 |a 0800009992  |b IT2  |c ESP  |u 20250521 
902 |a https://opac.biblio.iteso.mx/vufind/Record/000128142